| 000 | 00992nam0a2200265 4500 | ||
|---|---|---|---|
| 001 | RU\NLR\bibl\952134 | ||
| 005 | 20250614201539.0 | ||
| 010 | _a5-87057-084-0 | ||
| 035 | _a(NLR Aleph) 000940228 | ||
| 090 |
_a215142 _c215142 |
||
| 100 | _a20060522d1997 |||y0rusy50 ca | ||
| 101 | 0 | _arus | |
| 102 | _aRU | ||
| 105 | _ay ||||||||| | ||
| 200 | 1 |
_aУголовно-правовая охрана природной среды в Российской Федерации _fЖевлаков Э.Н. |
|
| 210 |
_aМосква _cБизнес-школа "Интел-Синтез" _d1997 |
||
| 215 |
_a231 с. _d20 |
||
| 606 | 1 |
_aЭкологические преступления _xУголовная ответственность _yРоссийская Федерация _92165884 _3RU\NLR\auth\661303202 |
|
| 686 | _aХ628.111.624 | ||
| 700 | 1 |
_aЖевлаков _bЭ. Н. _4070 |
|
| 801 | 0 |
_aRU _bNLR _c20060522 _grcr |
|
| 801 | 1 |
_aRU _bNLR _c20060522 |
|
| 942 | _cBOOK | ||
| 980 | _aNB | ||